RF/Microwave Interaction with Biological Tissues
Guardado en:
| Autores principales: | , , |
|---|---|
| Formato: | Libro |
| Lenguaje: | inglés |
| Publicado: |
Hoboken :
John Wiley & Sons,
2006
|
| Materias: | |
| Etiquetas: |
Sin Etiquetas, Sea el primero en etiquetar este registro!
|
MARC
| LEADER | 00000nam a22000003a 4500 | ||
|---|---|---|---|
| 001 | stu129425 | ||
| 005 | 20190206124547.8 | ||
| 008 | 061109s2006----xxu-----------------eng-d | ||
| 020 | |a 0-471-73277-X | ||
| 040 | |a STU |b slo | ||
| 041 | 0 | |a eng | |
| 044 | |a xxu | ||
| 080 | |a 621.372 | ||
| 080 | |a 576.5 | ||
| 080 | |a 54-732 | ||
| 100 | 1 | |a Vorst, André |4 aut | |
| 245 | 1 | |a RF/Microwave Interaction with Biological Tissues | |
| 260 | |a Hoboken : |b John Wiley & Sons, |c 2006 | ||
| 300 | |a 330 s | ||
| 650 | 7 | |a rádiofrekvencie |2 stusub | |
| 650 | 7 | |a mikrovlny |2 stusub | |
| 650 | 7 | |a rádiové vlny |2 stusub | |
| 650 | 7 | |a biológia |2 stusub | |
| 650 | 7 | |a terapia |2 stusub | |
| 700 | 1 | |a Rosen, Arye |4 aut | |
| 700 | 1 | |a Kotsuka, Youji |4 aut | |
| 996 | |b 284EK86523 |c E*86523 |l EE08 |s P |a 0 |w stu129425_0001 | ||